| 000 -LEADER |
| fixed length control field |
02286nam a22002057a 4500 |
| 005 - DATE AND TIME OF LATEST TRANSACTION |
| control field |
20260203145413.0 |
| 008 - FIXED-LENGTH DATA ELEMENTS--GENERAL INFORMATION |
| fixed length control field |
260127b ||||| |||| 00| 0 eng d |
| 040 ## - CATALOGING SOURCE |
| Transcribing agency |
SSBUL |
| 041 ## - LANGUAGE CODE |
| Language code of text/sound track or separate title |
English |
| 082 ## - DEWEY DECIMAL CLASSIFICATION NUMBER |
| Edition number |
23 |
| Item number |
T-28 Ph.D |
| 100 0# - MAIN ENTRY--PERSONAL NAME |
| Personal name |
Kyi Kyi Cho, |
| Numeration |
4 PhD(R)-Hist-1. |
| 9 (RLIN) |
65764 |
| 245 30 - TITLE STATEMENT |
| Title |
An introduction of British administration in lower Myanmar (1853-1885) / |
| Statement of responsibility, etc. |
Kyi Kyi Cho. |
| 260 ## - PUBLICATION, DISTRIBUTION, ETC. |
| Place of publication, distribution, etc. |
Mandalay : |
| Name of publisher, distributor, etc. |
University of Mandalay, |
| Date of publication, distribution, etc. |
2013. |
| 300 ## - PHYSICAL DESCRIPTION |
| Extent |
xvii, 186 p. , |
| Other physical details |
map, |
| Dimensions |
29 cm. |
| 502 ## - DISSERTATION NOTE |
| Dissertation note |
This thesis, entitled "An Introduction of British Administration in Lower Myanmar, 1853-1885" is an attempt to review British Colonialism and its impact on Myanmar society. It is systematically approached and investigated from every viewpoint, to wit political and administrative viewpoint, economic or revenue viewpoint and judiciary viewpoint so that the whole societal panoramic view could be clearly seen. Sometimes and in some places comparisons are also made between the native rule and the alien rule. Major purpose of this research is to see the imperialistic nature deep inside its administration. In brief, what one can see in British administration is the colonial government's efforts to transform the whole of Myanmar society into a sole agrarian society producing more rice and other crops to feed other colonial people living in the British Empire. Moreover, they also wanted Myanmar people to thank the colonial masters as good and just administrators. That we could have lived peacefully was due to their benevolent rule and on the contrary, what the people really saw is that they wanted to be liberated from the yoke of colonialism. Later on, nationalism took root in the hearts of Myanmar people which led to regaining of independence. |
| Degree type |
Ph.D |
| Name of granting institution |
University of Mandalay |
| Year degree granted |
2013 |
| 504 ## - BIBLIOGRAPHY, ETC. NOTE |
| Bibliography, etc. note |
Included bibliography |
| 505 ## - FORMATTED CONTENTS NOTE |
| Formatted contents note |
Introduction<br/>Chapters<br/>1. Lower Myanmar during the First Decade of The British Administration, 1852-1862<br/>2. Taxes and Revenue<br/>3. The Judicial Administration<br/>4. Evaluation of British Administration in Lower Myanmar<br/>Conclusion<br/>Maps<br/>Appendices<br/>Bibliography, |
| Statement of responsibility |
Kyi Kyi Cho, |
| Title |
An introduction of British administration in lower Myanmar (1853-1885). |
| 650 ## - SUBJECT ADDED ENTRY--TOPICAL TERM |
| Topical term or geographic name entry element |
Administration |
| General subdivision |
History |
| 9 (RLIN) |
65765 |
| Chronological subdivision |
1853–1885 |
| Geographic subdivision |
Lower Myanmar |
| 942 ## - ADDED ENTRY ELEMENTS (KOHA) |
| Source of classification or shelving scheme |
|
| Koha item type |
Reference |